Click the Elements in Order - Statistics

General Stats
  • This quiz has been taken 2,352 times
  • The average score is 12 of 20
Answer Stats
Hint Answer % Correct
1 Hydrogen
93%
2 Helium
91%
3 Lithium
78%
8 Oxygen
73%
6 Carbon
72%
4 Beryllium
71%
5 Boron
71%
7 Nitrogen
65%
9 Fluorine
61%
10 Neon
59%
11 Sodium
53%
13 Aluminium
52%
12 Magnesium
52%
20 Calcium
46%
15 Phosphorus
46%
14 Silicon
46%
18 Argon
45%
17 Chlorine
44%
19 Potassium
44%
16 Sulfur
44%
No matching quizzes found
Score Distribution
Percent of People with Each Score
Percentile by Number Answered
Your Score History
You have not taken this quiz